000 00256nam a2200097Ia 4500
001 640146
005 20250826153442.0
008 250824s9999 xx 000 0 und d
245 0 _aMÜSLÜMANLARIN TARİHİ 1
_cİHSAN SÜREYYA SIRMA
260 _bBEYAN YAYINLARI
999 _c640146
_d640146